Statistics for East Asian Country or Chinese City

Click here to take the quiz!

General Stats

  • This quiz has been taken 27 times
  • The average score is 9 of 11

Answer Stats

MillionsAnswer% Correct
24,500,000Shanghai
100%
21,500,000Beijing
100%
23,600,000Taiwan
90%
20,800,000Guangzhou
90%
127,000,000Japan
85%
51,300,000South Korea
80%
7,100,000Hong Kong
80%
25,400,000North Korea
75%
15,500,000Tianjin
75%
17,700,000Chengdu
60%
18,400,000Chongqing
45%

Score Distribution

Percentile by Number Answered

Percent of People with Each Score

Your Score History

You have not taken this quiz